Ekonomické a ekologické aspekty balenia tovaru dizertačná práca

Na minha lista:
Detalhes bibliográficos
Autor principal: Kajánková, Katarína
Autor Corporativo: Ekonomická univerzita v Bratislave. Obchodná fakulta
Outros Autores: Kačeňák, Igor
Formato: Livro
Idioma:eslovaco
Publicado em: Bratislava 2008
Assuntos:
Tags: Adicionar Tag
Sem tags, seja o primeiro a adicionar uma tag!

MARC

LEADER 00000nam$a2200000$$$4500
001 0100051
005 20240109070850.5
041 0 |a slo 
044 |a SK 
245 1 0 |a Ekonomické a ekologické aspekty balenia tovaru  |b dizertačná práca  |c Katarína Kajánková ; škol. Igor Kačeňák 
264 1 |a Bratislava  |c 2008 
300 |a 148 s. 
610 2 0 |a technika obalová 
610 2 0 |a tovar 
610 2 0 |a obaly 
610 2 0 |a ekológia 
610 2 0 |a balenie 
610 2 0 |a správanie spotrebiteľa 
100 1 |a Kajánková, Katarína 
700 1 |a Kačeňák, Igor 
710 2 |a Ekonomická univerzita v Bratislave. Obchodná fakulta